Movies Quiz

Random Movies or Pixar Quiz
Score 0/20 Timer 04:00
1 Play Today
% Correct
Captain Hook
98.2%
Cruella de Vil
97.1%
Scar
96.1%
Jafar
90.8%
Ursula
89.4%
Queen of Hearts
85.4%
Hades
85.1%
Gaston
81%
Sid
65.2%
Maleficent
64.2%
% Correct
The Evil Queen
63.9%
Shere Khan
62.3%
Hopper
57.2%
Prince John
50%
Yzma
47.7%
Shan Yu
34.6%
Frollo
34.3%
Professor Ratigan
34.3%
Henry Waternoose
32.3%
Stromboli
23.4%
Remove Ads.
Support Sporcle.
Get the best of Sporcle when you Go Orange. This ad-free experience offers more features, more stats, and more fun while also helping to support Sporcle. Thank you for becoming a member.

You're not logged in!

Compare scores with friends on all Sporcle quizzes.
OR
Log In

Show Comments

Extras

Top Quizzes Today


Score Distribution

Your Account Isn't Verified!

In order to create a playlist on Sporcle, you need to verify the email address you used during registration. Go to your Sporcle Settings to finish the process.

Report this User

Report this user for behavior that violates our Community Guidelines.

Details: